| 000 | 00450nam a2200145Ia 4500 | ||
|---|---|---|---|
| 008 | 140724s9999 xx 000 0 und d | ||
| 050 |
_aHD 30.28 _b.L972 2011 |
||
| 100 | _aLustaña, Rover. | ||
| 245 |
_aPuppy Paws Pet Shop Co. / _cRover Lustaña. |
||
| 260 |
_aLas Piñas, Philippines : _bSouthville International School and Colleges, _cc2011. |
||
| 300 |
_a18 p. : _bcol. ill. ; _c28 cm. |
||
| 521 | _aEntrepeneur | ||
| 942 | _cTH | ||
| 999 |
_c228900 _d228900 |
||